000 01444nam a2200361Ia 4500
001 ebr10061109
003 CaPaEBR
006 m u
007 cr cn|||||||||
008 080604s1976 enk sb 001 0 eng d
020 _z020319795X
040 _aCaPaEBR
_cCaPaEBR
035 _a(OCoLC)567855528
050 1 4 _aPR2890
_b.S43 1976eb
082 0 4 _a822.33
_220
245 0 0 _aWilliam Shakespeare
_h[electronic resource] /
_cedited by Brian Vickers.
260 _aLondon :
_bRoutledge,
_c1976.
300 _axiv, 583 p.
490 1 _aThe critical heritage series
490 0 _aWilliam Shakespeare ;
_v4
504 _aIncludes bibliographies and index.
505 0 _av. 4 1753-1765
533 _aElectronic reproduction.
_bPalo Alto, Calif. :
_cebrary,
_d2009.
_nAvailable via World Wide Web.
_nAccess may be limited to ebrary affiliated libraries.
600 1 0 _aShakespeare, William,
_d1564-1616
_xCriticism and interpretation
_xHistory
_y17th century.
600 1 0 _aShakespeare, William,
_d1564-1616
_xCriticism and interpretation
_xHistory
_y18th century.
600 1 0 _aShakespeare, William,
_d1564-1616
_vAdaptations.
650 0 _aEnglish literature.
655 7 _aElectronic books.
_2local
700 1 _aVickers, Brian.
710 2 _aebrary, Inc.
830 0 _aCritical heritage series.
856 4 0 _uhttp://site.ebrary.com/lib/rucke/Doc?id=10061109
_zAn electronic book accessible through the World Wide Web; click to view
999 _c46687
_d46687